02617nam a2200421Ii 4500001001300000003000800013006001900021007001500040008004100055020001800096020001500114040002600129043002200155050001800177100003400195245022600229264004100455300004100496336002600537337002600563338003600589490002900625500047400654505050001128504005201628610003901680610004401719610004501763610004501808650003101853650003201884651004001916655002201956700003901978710006602017830004002083856007202123DIGPOLIF0068NyNyDIGm o d cr |||||||||||131001s2010 sp ob 000 0 spa d z9788496813410 z849681341X aDGITAbengepncDGITA ae-it---ae------ 14aDG797.9 eBook1 aVisceglia, Maria Antonietta. 10aGuerra. diplomacia y etiqueta en la corte de los papas :b(siglos XVI y XVII) /cMaria Antonietta Visceglia ; traducción, Cátedra de Español Università degli Studi di Roma "La Sapienza" ; edición Eduardo Torres  1aMadrid :bEdiciones Polifemo,c2010. a1 online resource (227 pages):bill. atextbtxt2rdacontent acomputerbc2rdamedia aonline resourcebcr2rdacarrier1 aLa Corte en Europa ;v5. a"Los artículos recopilados en este volumen, publicados entre 2004 y 2009, fueron concebidos, originalmente, como trabajos independientes para su publicación en las actas de diversos congresos. Aunque cada uno de ellos vio la luz de manera autónoma, en conjunto, todos ellos son fruto de una misma investigación, aquélla que inicié con el análisis de la nobleza napolitana y más tarde proseguí, ya en Roma, con el estudio de la Corte pontificia" (p. 7)0 aPrólogo -- Bibliografía -- Abreviaturas -- I. Guerra y ritos de pacificación: Las expediciones de Julio II a Bolonia en las páginas del maestro de ceremonias del Papa (1506-1512) -- II. La embajada obediencia al Papa en el siglo XVII -- III. Las ceremonias como competición política entre las Monarquías francesa y española en la Roma del siglo XVII -- IV. Etiqueta cardenalicia en la época barroca -- V. Entre liturgia y política: El Corpus Domini en Roma (siglos XV-XVIII). aIncludes bibliographical references (p. 13-15).20aCatholic ChurchxForeign relations20aCatholic ChurchxHistoryy16th century.20aCatholic ChurchxHistoryy17th century. 20aCatholic ChurchxHistoryy18th century.  0aPapacyxHistoryy1447-1565 0aPapacyxHistoryy1566-1799. 0aPapal StatesxCourt and courtiers.  0aElectronic books.1 aTorres Corominas, Eduardo,d1976-.2 aII Università degli studi di Roma.bCátedra de español. 0aColección La Corte en Europa;v5.403Digitalia Hispánicauhttps://www.digitaliapublishing.com/a/18897/